Tyack v SoS for the Environment (Record no. 22249)

MARC details
000 -LEADER
fixed length control field 00910cab a2200181 4500
001 - CONTROL NUMBER
control field ABS41889
008 - FIXED-LENGTH DATA ELEMENTS--GENERAL INFORMATION
fixed length control field 090401t1989 xxu||||| |||| 00| 0 eng d
035 ## - SYSTEM CONTROL NUMBER
System control number (Sirsi) u33287
041 ## - LANGUAGE CODE
Language code of text/sound track or separate title eng
245 ## - TITLE STATEMENT
Title Tyack v SoS for the Environment
260 ## - PUBLICATION, DISTRIBUTION, ETC.
Date of publication, distribution, etc. 1989
350 ## - PRICE (NR) (BK AM CF MU VM SE) [OBSOLETE]
Price 0
490 ## - SERIES STATEMENT
Series statement Weekly Law Reports
Volume/sequential designation (1989) 1 WLR 1392-1398(7)
520 ## - SUMMARY, ETC.
Summary, etc. HL 7 December 1989. The appellant`s barn within the curtilage of his house was under an enforcement notice for demolition as it was not on agricultural land within article 3 Town and Country Planning General Development Order 1977 Class VI . The appeal that the adjoining plot separated from the house and curtilage by a farm track owned by a third party, was still an agricultural unit, thereby complying with the minimum area required for development, was dismissed.
690 ## - LOCAL SUBJECT ADDED ENTRY--TOPICAL TERM (OCLC, RLIN)
Topical term or geographic name as entry element PLANNING LAW AND PRACTICE-CASE LAW
942 ## - ADDED ENTRY ELEMENTS (KOHA)
Suppress in OPAC 0
948 ## - LOCAL PROCESSING INFORMATION (OCLC); SERIES PART DESIGNATOR (RLIN)
c (OCLC) 04/03/1997
Holdings
Withdrawn status Lost status Source of classification or shelving scheme Damaged status Not for loan Home library Current library Shelving location Date acquired Total Checkouts Full call number Barcode Date last seen Copy number Price effective from Koha item type
    Dewey Decimal Classification     London London Journal article 14/09/1999   ABS41889 33287-1001 06/08/2019 1 06/08/2019 Law report